00937nam a2200241 a 4500001001000000003000400010005001700014008004100031040002500072082001600097100003700113245008300150260006100233300003300294490002600327505009300353590002700446700004400473830003300517942001400550952011400564999001700678000034369OSt20260321073642.0110427s1986 dr ac 000 0 spa d aDO-SdBNPbspacBNPHU axxxxbB742N1 a Bosch, Juan, d1909-200197655513aEl Napoleón de las guerrillas /cJuan Bosch ; edición Mayra Díaz Arango. aLa Habana, Cuba :bEditorial de Ciencia Sociales,c1986. a85 p. ;cil., retrs.c18 cm.1 aEdiciones políticas0 aLa campaña de las Tea --tLa lucha de Clases --tLa Campaña de La Reforma --tNotas. aInventariado, 2019 /LP1 aDíaz Arango, Mayra,eedición959790 0aEdiciones políticas918924 2ddccLBS1 0010718PDaGRbGRcHDd2011-10-03iLF1l0oxxxx B742Np34369-10r2020-06-25w2020-06-25yLFPDZNo se presta c33860d33860